000 00430nam a2200145 i 4500
001 65800
003 ES-MaACL
007 t|
008 040121s1954 sp ||||1| spa d
100 1 _aFuentes Guerra, Rafael.
_952925
245 1 0 _aEnsayos biográficos /
_cR. Fuentes Guerra.
260 _aCórdoba :
_b[s.n.,
_c1954] (
_fTip. Artística)
300 _a145 p., 17 lám. :
_bplan. ;
_c19 cm.
852 _aES-MaACL
_jC-7950
_bR.36116
999 _c65800
_d65800